Регионална библиотека "Любен Каравелов" - Русе

Преди и след десети (Запис номер 6582)

MARC детайли
000 -Лидер
Контролно поле с фиксирана дължина 01778nam a2200409 c 4500
003 - Код на организацията, давaща контролен номер
Контролно поле BLK
005 - Дата и час на последна редакция
Контролно поле 20250128005519.0
008 - Елементи от данни с фиксирана дължина
fixed length control field 180412b bul|||||r ||||||| ||bul||
010 ## - Наследен системен номер
LC control number KNG00007831000
020 ## - Международен стандартен номер на книга ISBN
Международен стандартен номер на книга ISBN 954-9786-03-Х
-- издат.: Хеликон - Петър Добрев
040 ## - Източник на каталожния запис
Идентификатор на билиотеката - собственик на записа BLK
041 ## - Код за език
Код за езика на текст/звукозапис или на отделно заглавие Български
Код за езика КДБФ Български
080 ## - УДК
Текстов определител УДК Вътрешна политика. Вж и 329
УДК код - определител по УДК 323
УДК определител (497.2)
УДК - код + определител 323(497.2)
080 ## - УДК
Текстов определител УДК Политически партии и движения
УДК код - определител по УДК 329
УДК определител (497.2)БСП
УДК - код + определител 329(497.2)БСП
080 ## - УДК
Текстов определител УДК Трета българска държава (от 1878)
УДК код - определител по УДК 94(497.2)"1878..."
УДК определител
УДК - код + определител 94(497.2)"1878..."
139 ## - Редно поле
Редна дума Първанов, Георги Седефчов
Авторски знак Пър - П 97
245 10 - Сведения за заглавието
Заглавие Преди и след десети
Редно поле (дума) състав. и ред. Георги Седефчов Първанов; състав. Емилия Русекова.
257 ## - Страна на издаване
Страна на създаване/издаване България
260 ## - Област на издателските данни
-- София
Име на издателя, разпространителя и проч. Хеликон - Петър Добрев
Година на издаване 2001
Печатница София : Д. Благоев
300 ## - Физическа характеристика
Страници 592 с., 12 л.
Илюстрации и др. сн.
Размери/Мащаб 22 см
380 ## - Жанр
Жанр Обществени науки
650 #0 - Допълнително описание по предмет – тема
Основно описание – тема или топоним Вътрешна политика - България
9 (RLIN) 249071
650 #4 - Допълнително описание по предмет – тема
Основно описание – тема или топоним БСП
9 (RLIN) 149235
650 #4 - Допълнително описание по предмет – тема
Основно описание – тема или топоним Партии, социалдемократически - България
9 (RLIN) 251622
653 ## - Ключова дума – ненормативна
Ключова дума БСП
653 ## - Ключова дума – ненормативна
Ключова дума македонски въпрос
653 ## - Ключова дума – ненормативна
Ключова дума България
653 ## - Ключова дума – ненормативна
Ключова дума вътрешна политика
700 1# - Други автори (авторска отговорност)
Лично име Първанов, Георги Седефчов
Автороска отговорност (Описва отношението между автора и произведението) състав. и ред.
9 (RLIN) 251621
700 1# - Други автори (авторска отговорност)
Лично име Русекова, Емилия
Автороска отговорност (Описва отношението между автора и произведението) състав.
9 (RLIN) 117682
852 ## - Местоположение
Форматна сигнатура Цб 210649
856 4# - Електронен адрес и достъп
Електронен формат pdf - файл
Път до файла /url/
856 4# - Електронен адрес и достъп
Електронен формат pdf - файл
Път до файла /url/
942 ## - АРТИКУЛИ
Вид на библиотечния материал Книги
Скрит в OPAC Не
Koha issues (borrowed), all copies 2
944 ## - СЪЗДАВАНЕ И РЕДАКЦИЯ на ЗАПИСА
Създаване/Редакция Създаване
Дата на регистрацията/редакция 11.02.2003
Служител, извършил регистрацията/редакцията
Статус, дата на статуса CRON CRON
944 ## - СЪЗДАВАНЕ И РЕДАКЦИЯ на ЗАПИСА
Създаване/Редакция Редакция
Дата на регистрацията/редакция 28.02.2005
Служител, извършил регистрацията/редакцията
999 ## - СИСТЕМНИ КОНТРОЛНИ НОМЕРА
Koha biblionumber 6582
Koha biblioitemnumber 6582
Наличности
Код за отписване Код за изгубен артикул Източник на класификационната схема Код за повреда Коз за рестрикции Код за отдаване Артикулен № Име на библиотеката - собственик Име на библиотеката, в която се намира в момента Статус (Текущо местоположение) Дата на вписване в системата Местоположение - отдел Цена в лева Инвентарен номер Систематично азбучна сигнатура Баркод Номер на екземпляра Цена в евро Служебна бележка Служебен тип на артикула
  Не е изгубен Universal Decimal Classification Не е повреден без рестрикции заемане за дома 11433 Регионална библиотека "Любен Каравелов" Русе Регионална библиотека "Любен Каравелов" Русе Заемна - подръчен фонд 2001-12-15 Заемна - подръчен фонд 12.00 668247 П 323(497.2)/П 97 120000668247 1 6.14 Дост: DA Вид: А N: стар фонд Дата: 15.12.2001 Дата инв: 02.02.2018 Бележки инв: П2018 Книги
  Не е изгубен   Не е повреден без рестрикции заемане за дома 11434 Регионална библиотека "Любен Каравелов" Русе Регионална библиотека "Любен Каравелов" Русе Заемна - подръчен фонд 2002-07-03 Заемна - подръчен фонд 12.00 120000670929 П 323(497.2)/П 97 120000670929 2 6.14 Дост: DA Вид: А N: 27 Дата: 03.07.2002 Дата инв: 02.02.2018 Бележки инв: П2018 Книги
  Не е изгубен Universal Decimal Classification Не е повреден без рестрикции ползва се в читалня 11435 Регионална библиотека "Любен Каравелов" Русе Регионална библиотека "Любен Каравелов" Русе Хранилище 2002-08-21 Хранилище 0.00 120000671572 Цб 210649 120000671572 3 0.00 Дост: Dp Вид: Д N: 4 Дата: 15.02.2002 Книги
Vip Innovations Ltd, Rousse, Bulgaria 2025